Indian Art And Culture: (Record no. 186751)

MARC details
000 -LEADER
fixed length control field 00641nam a22001937a 4500
005 - DATE AND TIME OF LATEST TRANSACTION
control field 20220314162325.0
010 ## - LCCN (DPL NO)
LC control number ENG-131974
020 ## - INTERNATIONAL STANDARD BOOK NUMBER
International Standard Book Number 9789654601804
Terms of availability 825.00
035 ## - SYSTEM CONTROL NUMBER
System control number EN-115506
037 ## - SOURCE OF ACQUISITION
Source of stock number/acquisition DBAD
082 ## - DEWEY DECIMAL CLASSIFICATION NUMBER
Classification number 709.54
100 ## - MAIN ENTRY--PERSONAL NAME
Personal name Singhania, Nitin
245 ## - TITLE STATEMENT
Title Indian Art And Culture:
Remainder of title For Civil Services And Other Competitive Examinations/
Statement of responsibility, etc Nitin Singhania
250 ## - EDITION STATEMENT
Edition statement 4th Edition
260 ## - PUBLICATION, DISTRIBUTION, ETC. (IMPRINT)
Place of publication, distribution, etc Chennai
Name of publisher, distributor, etc McGraw Hill Education Private Limited
Date of publication, distribution, etc 2022
270 ## - ADDRESS
Address Anjana Complex No. 5/90 A, Butt Road, St. Thomas Mount
City Chennai
Postal code 600016
300 ## - PHYSICAL DESCRIPTION
Extent vp.
Dimensions 24cm(pbk)
942 ## - ADDED ENTRY ELEMENTS (KOHA)
Source of classification or shelving scheme Dewey Decimal Classification
Item type English Books
Classification part 709.54
Call number suffix SIN
Holdings
Withdrawn status Lost status Not for loan Collection code Home library Current library Date acquired Source of acquisition Cost, normal purchase price Full call number Barcode Copy number Cost, replacement price Koha item type
      Non-fiction Patel Nagar Patel Nagar 14/03/2022 DBAD/PUB 825.00 709.54 SIN EN-115506 1 825.00 English Books

© Delhi Public Library
Hit Counter
free hit counter